Shooting Kabul / (Record no. 2595)

MARC details
000 -LEADER
fixed length control field 00838nam a22002417a 4500
005 - DATE AND TIME OF LATEST TRANSACTION
control field 20240404153418.0
020 ## - INTERNATIONAL STANDARD BOOK NUMBER
International Standard Book Number 9780545307260
040 ## - CATALOGING SOURCE
Original cataloging agency FISKH
Language of cataloging eng
Transcribing agency FISKH
Modifying agency FISKH
050 ## - LIBRARY OF CONGRESS CALL NUMBER
Classification number PZ7.S47953
082 ## - DEWEY DECIMAL CLASSIFICATION NUMBER
Classification number 813.6
100 ## - MAIN ENTRY--PERSONAL NAME
Personal name Senzai N. H.
245 ## - TITLE STATEMENT
Title Shooting Kabul /
Statement of responsibility, etc. N. H. Senzai
250 ## - EDITION STATEMENT
Edition statement First Scholastic printing, December 2010
260 ## - PUBLICATION, DISTRIBUTION, ETC.
Place of publication, distribution, etc. New York :
Name of publisher, distributor, etc. Scholastic,
Date of publication, distribution, etc. 2010
300 ## - PHYSICAL DESCRIPTION
Extent 262 pages :
Dimensions 20cm
505 ## - FORMATTED CONTENTS NOTE
Formatted contents note M
520 ## - SUMMARY, ETC.
Summary, etc. Escaping from Taliban-controlled Afghanistan in the summer of 2001, eleven-year-old Fadi and his family immigrate to the San Francisco Bay Area, where Fadi schemes to return to the Pakistani refugee camp where his little sister was accidentally left behind.
521 ## - TARGET AUDIENCE NOTE
Target audience note 800
Source Lexile
650 ## - SUBJECT ADDED ENTRY--TOPICAL TERM
Source of heading or term War
Topical term or geographic name entry element War
650 ## - SUBJECT ADDED ENTRY--TOPICAL TERM
Source of heading or term Soldier
Topical term or geographic name entry element Soldier
942 ## - ADDED ENTRY ELEMENTS (KOHA)
Source of classification or shelving scheme Dewey Decimal Classification
Koha item type Books
Suppress in OPAC No
999 ## -
-- 2595
-- 2595
Holdings
Withdrawn status Lost status Source of classification or shelving scheme Damaged status Not for loan Collection Home library Current library Shelving location Date acquired Total Checkouts Full call number Barcode Date last seen Copy number Price effective from Koha item type
    Dewey Decimal Classification     Fiction Footprints International School Library Network Toul Kork Campus Footprints International School Library Network Toul Kork Campus TTP Secondary Fiction Bookshelves 01/03/2024   SEN 813.6 PZ7.S47953 FIS00362 01/03/2024 1 01/03/2024 Books
    Dewey Decimal Classification     Fiction Footprints International School Library Network Toul Kork Campus Footprints International School Library Network Toul Kork Campus TTP Secondary Fiction Bookshelves 04/04/2024   SEN 813.6 PZ7.S47953 2024-0469 04/04/2024 2 04/04/2024 Books